| 000 | 00794aam a2200313 4500 | ||
|---|---|---|---|
| 005 | 20231212112936.0 | ||
| 008 | 150528b2006 xxu||||| |||| 00| 0 spa d | ||
| 020 | _a9871257260 | ||
| 041 | _aESP | ||
| 082 | _a646.72 C394m | ||
| 100 |
_aCellene, Adrián _920419 |
||
| 245 | _aMaquillaje: la belleza paso a paso | ||
| 260 | _aArgentina | ||
| 260 | _bEdiciones Lea | ||
| 260 | _c2006 | ||
| 300 | _a96 páginas | ||
| 650 | _aCUIDADO DEL CABELLO | ||
| 650 | _aCUIDADO DE LA CARA | ||
| 650 | _aCUIDADO DE LA PIEL | ||
| 650 | _aCUIDADO DE LAS UÑAS | ||
| 650 | _aMAQUILLAJE | ||
| 650 | _aPRODUCTOS PARA MAQUILLAJE | ||
| 650 | _aTIPOS DE OJOS | ||
| 650 | _aTIPOS DE LABIOS | ||
| 650 | _aTIPOS DE CARA | ||
| 650 | _aMAQUILLAJE DE NOCHE | ||
| 650 | _aCUTIS | ||
| 942 |
_cBK _2ddc |
||
| 999 |
_c2376 _d2376 |
||